NOVECENTO (ATTO II) (Record n. 106033)

Dettagli MARC
000 -LEADER
fixed length control field 02506agaaa2200325 4500
001 - CONTROL NUMBER
control field 5767
003 - CONTROL NUMBER IDENTIFIER
control field IT-RoPAU
005 - DATE AND TIME OF LATEST TRANSACTION
control field 20220918181239.0
007 - PHYSICAL DESCRIPTION FIXED FIELD--GENERAL INFORMATION
fixed length control field d cvaizq
008 - FIXED-LENGTH DATA ELEMENTS--GENERAL INFORMATION
fixed length control field 50131s9999||||xx ||| | || ||und||
040 ## - CATALOGING SOURCE
Original cataloging agency IT-RoPAU
Transcribing agency IT-RoPAU
041 ## - LANGUAGE CODE
Language code of text/sound track or separate title ITALIANO
100 ## - MAIN ENTRY--PERSONAL NAME
Personal name Bertolucci Bernardo
Miscellaneous information Codice regista SPICS: 9230
9 (RLIN) 44716
130 ## - MAIN ENTRY--UNIFORM TITLE
Uniform title NOVECENTO (ATTO II)
9 (RLIN) 44717
245 ## - TITLE STATEMENT
Title NOVECENTO (ATTO II)
Statement of responsibility, etc. Prodotto da: Grimaldi Alberto -- Sceneggiatura: Bertolucci Bernardo Bertolucci Giuseppe Arcalli Franco -- Diretto da: Bertolucci Bernardo
Name of part/section of a work NOVECENTO (ATTO II) (Rif. Codice opera principale : H5767)
250 ## - EDITION STATEMENT
Edition statement Edizione Standard
260 ## - PUBLICATION, DISTRIBUTION, ETC. (IMPRINT)
Place of publication, distribution, etc. (ITA - FRA - GERMANI)
Name of publisher, distributor, etc. PEA (ROMA) - PAA (PARIGI) - ARTEMIS (BERLIN / Distribuzione: IL MESSAGGERO
Date of manufacture "1976 (1° ed.: 2005 ; Ed. Lingua Orig.: 1976)"
300 ## - PHYSICAL DESCRIPTION
Extent DVD
Other physical details sonoro, col.
Dimensions 146 minuti
508 ## - CREATION/PRODUCTION CREDITS NOTE
Creation/production credits note "Fotografia: Storaro Vittorio; Montaggio: Arcalli Franco; Musica: Morricone Ennio; Sceneggiatura: Bertolucci Bernardo Bertolucci Giuseppe Arcalli Franco; Scenografia: Frigerio Ezio; Soggetto: Bertolucci Bernardo -- Arcalli Franco"
511 ## - PARTICIPANT OR PERFORMER NOTE
Participant or performer note "De; Niro Robert; Depardieu Gerard; Sanda Dominique; Bertini Francesca; Betti Laura"
520 ## - SUMMARY, ETC.
Summary, etc. "SECONDA PARTE DEL FILM. PERIODO FASCISTA: LE STRADE DI OLMO E ALFREDO SI SEPARANO. IL PRIMO, VEDOVO, FA IL NORCINO E CONTINUA LA LOTTA; IL SECONDO SIRINCHIUDE NEL PRIVATO. IL 25 APRILE 1945 SI PROCESSANO I PADRONI. OLMO GUIDA I CONTADINI CONTRO L'ANTICO AMICO. ALFREDO E' CONDANNATO SIMBOLICAMENTE A MORTE MENTRE IL SUO FATTORE, IL CRUDELE FASCISTA ATTILA, VIENE UCCISO. MAL'AMICIZIA TRA OLMO E ALFREDO SOPRAVVIVE ANCORA, INVECCHIERANNO BISTICCIANDO AMICHEVOLMENTE. IN QUESTO SECONDO ATTO SI ACCENTUA L'ASPETTO FORTEMENTE POLITICO DEL RACCONTO CHE SI IMMERGE NELLA REALTA' DEL FASCISMO E DELLA LOTTA DI LIBERAZIONE. LA DISGREGAZIONE DELL'AMICIZIA, LE LOTTE PROLETARIE E LAVIOLENZA FASCISTA, LA GUERRA E LA RESISTENZA DA UN LATO E LA POESIA DELLA NATURA DALL'ALTRO CONCORRONO A FORMARE UN GRANDIOSO AFFRESCO."
538 ## - SYSTEM DETAILS NOTE
System details note PAL, STEREO
546 ## - LANGUAGE NOTE
Language note ITALIANO
650 ## - SUBJECT ADDED ENTRY--TOPICAL TERM
Topical term or geographic name as entry element DRAMMATICO
Relator term DVD-FILM [DVD]
General subdivision Codice MATERIA SPICS: 9947
9 (RLIN) 44718
700 ## - ADDED ENTRY--PERSONAL NAME
Personal name Arcalli Franco
Relator term (soggetto)
Miscellaneous information Codice Soggetto 2° SPICS: 9824
9 (RLIN) 44719
700 ## - ADDED ENTRY--PERSONAL NAME
Personal name Bertolucci Bernardo
Relator term (regista)
Miscellaneous information Codice regista SPICS: 9230
9 (RLIN) 44720
700 ## - ADDED ENTRY--PERSONAL NAME
Personal name Bertolucci Bernardo
Relator term (soggetto)
Miscellaneous information Codice Soggetto SPICS: 9230
9 (RLIN) 44721
700 ## - ADDED ENTRY--PERSONAL NAME
Personal name Morricone Ennio
Relator term (musica)
Miscellaneous information Codice Musica SPICS: 3535
9 (RLIN) 44722
942 ## - ADDED ENTRY ELEMENTS (KOHA)
Koha item type DVD
Source of classification or shelving scheme Dewey Decimal Classification
Dati di copia
Withdrawn status Lost status Damaged status Not for loan Home library Current library Date acquired Total Checkouts Full call number Date last seen Price effective from Koha item type Public note
    Buone Condizioni Not For Loan SPICS-MEDIATECA SPICS-MEDIATECA 31/01/2015   H5767 31/01/2015 31/01/2015 DVD Progr. Ins.: 3319 / N.Vol.:1 / Copie: 1 / Pag.:0 / Copia rara: n.d. / date import: 1.2.2015 / By Epidotti, Trombetti, Vaglietti
CREDITS: SOCIETA' SAN PAOLO Via A.Severo, 58 - ROMA (RM) & PERIODICI SAN PAOLO SRL Via Giotto, 36 MILANO & CISF Via Giotto, 36 MILANO & EDIZIONI SAN PAOLO SRL,  Piazza Soncino, 5 CINISELLO BALSAMO (MI) -- ITALY